[Event "Moscow Aeroflot op-A 18th"]
[Site "Moscow"]
[Date "2019.02.26"]
[Round "8"]
[White "Abdusattorov, Nodirbek"]
[Black "Safarli, Eltaj"]
[Result "1-0"]
[WhiteElo "2560"]
[BlackElo "2681"]
[PlyCount "97"]
[EventDate "2019.02.20"]
[EventType "swiss"]
[EventRounds "9"]
[EventCountry "RUS"]
[SourceTitle "CBM 189"]
[Source "ChessBase"]
[SourceDate "2019.04.29"]
[SourceVersion "1"]
[SourceVersionDate "2019.04.29"]
[SourceQuality "1"]

1. e4 d5 2. exd5 Qxd5 3. Nc3 Qd8 4. d4 Nf6 5. h3 g6 6. Nf3 Bg7 7. Bc4 O-O 8.
O-O b6 9. Qe2 Bb7 10. Bg5 h6 11. Bh4 Nc6 12. Rad1 Na5 13. Bd3 e6 14. Ne4 Rc8
15. b4 Nc6 16. c3 Nb8 17. Nxf6+ Bxf6 18. Bg3 Bg7 19. Rfe1 Nd7 20. Ba6 Bxa6 21.
Qxa6 c6 22. c4 Ra8 23. Bd6 Qc8 24. Qa3 Rd8 25. Ne5 Nxe5 26. dxe5 a5 27. Rb1
axb4 28. Qxb4 Ra6 29. Re3 Qd7 30. Reb3 Rda8 31. Qe1 c5 32. Rxb6 Rxb6 33. Rxb6
Rxa2 34. Qe4 Ra7 35. Rb5 h5 36. Kh2 f5 37. Qe3 Kh7 38. Rxc5 Qa4 39. Rc8 Rb7 40.
Qd4 Rb1 41. Rc7 Rd1 42. Qb2 Kh6 43. Rxg7 Kxg7 44. Qb7+ Kg8 45. Qc8+ Kh7 46.
Qc7+ Kg8 47. Qd8+ Kh7 48. Qe7+ Kh6 49. Qf8+ 1-0

[Event "Moscow Aeroflot op-A 18th"]
[Site "Moscow"]
[Date "2019.02.26"]
[Round "8"]
[White "Alekseenko, Kirill"]
[Black "Liu, Yan"]
[Result "1-0"]
[WhiteElo "2634"]
[BlackElo "2498"]
[PlyCount "129"]
[EventDate "2019.02.20"]
[EventType "swiss"]
[EventRounds "9"]
[EventCountry "RUS"]
[SourceTitle "CBM 189"]
[Source "ChessBase"]
[SourceDate "2019.04.29"]
[SourceVersion "1"]
[SourceVersionDate "2019.04.29"]
[SourceQuality "1"]

1. e4 e5 2. Nf3 Nc6 3. Bb5 Nf6 4. d3 Bc5 5. O-O d6 6. Nbd2 O-O 7. Bxc6 bxc6 8.
h3 Bb6 9. Re1 Nh5 10. a4 a6 11. Nc4 Ba7 12. d4 exd4 13. Nxd4 Qh4 14. c3 Nf6 15.
e5 Ne4 16. Be3 f5 17. Nf3 Qe7 18. Bxa7 Rxa7 19. Nd4 dxe5 20. Nxc6 Qc5 21. N4xe5
Qxf2+ 22. Kh1 Be6 23. Rxe4 fxe4 24. Ne7+ Kh8 25. Qh5 Bf7 26. N5g6+ Bxg6 27.
Nxg6+ Kg8 28. Nxf8 Qxf8 29. Qd5+ Kh8 30. Qxe4 c5 31. Qc6 h6 32. Re1 Re7 33.
Rxe7 Qxe7 34. Qxa6 Qe1+ 35. Kh2 Qe5+ 36. g3 Qe4 37. Qc8+ Kh7 38. Qxc5 Qc2+ 39.
Kg1 Qxb2 40. a5 Qc1+ 41. Kf2 Qd2+ 42. Kf3 Qd3+ 43. Kf4 Qf1+ 44. Ke4 Qg2+ 45.
Kd4 Qxh3 46. Qe5 Qd7+ 47. Kc5 Qa7+ 48. Kb4 Qb7+ 49. Ka3 Qb1 50. c4 Qc1+ 51. Kb4
Qb1+ 52. Kc5 Qa2 53. Qc3 h5 54. Kd6 Qb1 55. c5 Qb8+ 56. Kd5 Qd8+ 57. Kc4 h4 58.
gxh4 Qxh4+ 59. Kb5 Qd8 60. Qh3+ Kg8 61. Qe6+ Kh7 62. Qe4+ Kh6 63. a6 g5 64. a7
Qd7+ 65. Qc6+ 1-0

[Event "Moscow Aeroflot op-A 18th"]
[Site "Moscow"]
[Date "2019.02.26"]
[Round "8"]
[White "Aryan, Chopra"]
[Black "Ganguly, Surya Shekhar"]
[Result "0-1"]
[WhiteElo "2540"]
[BlackElo "2636"]
[PlyCount "58"]
[EventDate "2019.02.20"]
[EventType "swiss"]
[EventRounds "9"]
[EventCountry "RUS"]
[SourceTitle "CBM 189"]
[Source "ChessBase"]
[SourceDate "2019.04.29"]
[SourceVersion "1"]
[SourceVersionDate "2019.04.29"]
[SourceQuality "1"]

1. e4 e6 2. d4 d5 3. Nc3 Nf6 4. e5 Nfd7 5. f4 c5 6. Nf3 Nc6 7. Be3 Be7 8. Qd2
a6 9. Nd1 g5 10. fxg5 cxd4 11. Bxd4 Nxd4 12. Qxd4 Bxg5 13. Bd3 Be7 14. Qg4 Bf8
15. Qh5 Qa5+ 16. c3 Qb6 17. Rf1 Nc5 18. Bc2 Bd7 19. Ng5 O-O-O 20. Nxf7 Be8 21.
Qh3 Bxf7 22. Rxf7 Nd7 23. Qg3 h5 24. Ba4 Nc5 25. Bc2 Bh6 26. Qf2 Rhf8 27. a4
Rxf7 28. Qxf7 Rf8 29. a5 Qb5 0-1

[Event "Moscow Aeroflot op-A 18th"]
[Site "Moscow"]
[Date "2019.02.26"]
[Round "8"]
[White "Dai, Changren"]
[Black "Henderson de la Fuente, Lance"]
[Result "1-0"]
[WhiteElo "2473"]
[BlackElo "2490"]
[PlyCount "113"]
[EventDate "2019.02.20"]
[EventType "swiss"]
[EventRounds "9"]
[EventCountry "RUS"]
[SourceTitle "CBM 189"]
[Source "ChessBase"]
[SourceDate "2019.04.29"]
[SourceVersion "1"]
[SourceVersionDate "2019.04.29"]
[SourceQuality "1"]

1. e4 e5 2. Nf3 Nc6 3. Bb5 a6 4. Ba4 Nf6 5. O-O Be7 6. Re1 b5 7. Bb3 d6 8. c3
O-O 9. d4 Bg4 10. Be3 exd4 11. cxd4 Na5 12. Bc2 c5 13. d5 Re8 14. Nbd2 Bf8 15.
h3 Bh5 16. b3 Rc8 17. g4 Bg6 18. Bg5 h6 19. Bh4 Be7 20. Bg3 Nd7 21. Rc1 Nb7 22.
Nh2 c4 23. bxc4 bxc4 24. f4 Nb6 25. Ndf3 Bf6 26. f5 Bh7 27. Nd4 c3 28. Nc6 Qd7
29. Nf3 Nd8 30. Ncd4 Nb7 31. h4 g5 32. hxg5 hxg5 33. Kg2 Nc5 34. Re2 Qe7 35.
Nc6 Qf8 36. Bf2 Nbd7 37. Qh1 Nb6 38. Qd1 Nbd7 39. Rb1 Rc7 40. Qh1 Rb7 41. Rxb7
Nxb7 42. Qh5 Qg7 43. Be3 Nbc5 44. Nxg5 Ne5 45. Nxe5 Bxe5 46. Nf3 Kh8 47. Bh6
Qf6 48. Ng5 Bg6 49. fxg6 fxg6 50. Qh3 Kg8 51. Rf2 Qe7 52. Rf7 Qxf7 53. Nxf7
Kxf7 54. Qe3 Rb8 55. Bf4 Rb2 56. Bxe5 Rxc2+ 57. Kf3 1-0

[Event "Moscow Aeroflot op-A 18th"]
[Site "Moscow"]
[Date "2019.02.26"]
[Round "8"]
[White "Gagare, Shardul"]
[Black "Indjic, Aleksandar"]
[Result "1/2-1/2"]
[WhiteElo "2495"]
[BlackElo "2630"]
[PlyCount "106"]
[EventDate "2019.02.20"]
[EventType "swiss"]
[EventRounds "9"]
[EventCountry "RUS"]
[SourceTitle "CBM 189"]
[Source "ChessBase"]
[SourceDate "2019.04.29"]
[SourceVersion "1"]
[SourceVersionDate "2019.04.29"]
[SourceQuality "1"]

1. Nf3 c5 2. c4 Nc6 3. g3 g6 4. Bg2 Bg7 5. Nc3 d6 6. O-O h5 7. e3 Bg4 8. h3 Bd7
9. d4 Qc8 10. Kh2 Nh6 11. dxc5 dxc5 12. e4 Bxc3 13. bxc3 Qc7 14. Bf4 e5 15.
Bxh6 Rxh6 16. Qd5 Be6 17. Qxc5 Qe7 18. Qe3 Rh8 19. c5 O-O-O 20. Rfb1 Bc4 21.
Nd2 Rd3 22. Qe1 Ba6 23. Bf1 h4 24. Bxd3 hxg3+ 25. fxg3 Bxd3 26. Rd1 f5 27. Qe3
Bc2 28. Rh1 Qe6 29. Kg1 Rd8 30. Re1 Rd3 31. Qf2 Rxc3 32. Rh2 Nb4 33. exf5 gxf5
34. Nf3 Nd3 35. Qd4 Rc4 36. Rxe5 Nxe5 37. Qxe5 Qxe5 38. Nxe5 Rxc5 39. h4 Be4
40. Ng6 Rc1+ 41. Kf2 Rc2+ 42. Kg1 Rc3 43. h5 Rxg3+ 44. Kf1 Rf3+ 45. Ke1 f4 46.
Nf8 Rc3 47. h6 Rc1+ 48. Kf2 Ra1 49. Rh4 Rxa2+ 50. Ke1 Bd3 51. Rh3 Re2+ 52. Kd1
Re8 53. h7 Rxf8 1/2-1/2

[Event "Moscow Aeroflot op-A 18th"]
[Site "Moscow"]
[Date "2019.02.26"]
[Round "8"]
[White "Goganov, Aleksey"]
[Black "Puranik, Abhimanyu Sameer"]
[Result "1-0"]
[WhiteElo "2612"]
[BlackElo "2538"]
[PlyCount "101"]
[EventDate "2019.02.20"]
[EventType "swiss"]
[EventRounds "9"]
[EventCountry "RUS"]
[SourceTitle "CBM 189"]
[Source "ChessBase"]
[SourceDate "2019.04.29"]
[SourceVersion "1"]
[SourceVersionDate "2019.04.29"]
[SourceQuality "1"]

1. e4 e5 2. Nf3 Nc6 3. Bc4 Bc5 4. O-O Nf6 5. d3 d6 6. c3 a6 7. Bb3 h6 8. Nbd2
O-O 9. h3 Re8 10. Re1 Be6 11. Bc2 Ba7 12. Nf1 d5 13. exd5 Qxd5 14. Ng3 Rad8 15.
b4 b5 16. a4 Bb6 17. Bd2 Qd6 18. Qc1 Bc8 19. axb5 axb5 20. Ra8 Nd5 21. Re4 f5
22. Rxc8 fxe4 23. Nxe4 Qf8 24. Bb3 Kh8 25. Bxh6 Rxc8 26. Bxd5 Ne7 27. Nxe5 gxh6
28. Nf7+ Kh7 29. Bb3 Rcd8 30. d4 Nd5 31. Bc2 Kg8 32. Nxh6+ Kh8 33. Qg5 Rd7 34.
Ng4 Re6 35. Ng3 Qf4 36. Qh5+ Kg8 37. Bf5 Re1+ 38. Kh2 Rg7 39. Be4 Rxe4 40.
Qxd5+ Kf8 41. Qxe4 Qxe4 42. Nxe4 c6 43. f4 Bc7 44. Ne5 Bxe5 45. dxe5 Rd7 46.
Nd6 Ra7 47. f5 Ra2 48. Kg3 Re2 49. Kf4 Rf2+ 50. Kg5 Ke7 51. g4 1-0

[Event "Moscow Aeroflot op-A 18th"]
[Site "Moscow"]
[Date "2019.02.26"]
[Round "8"]
[White "Gordievsky, Dmitry"]
[Black "Karthikeyan, Murali"]
[Result "0-1"]
[WhiteElo "2603"]
[BlackElo "2560"]
[PlyCount "80"]
[EventDate "2019.02.20"]
[EventType "swiss"]
[EventRounds "9"]
[EventCountry "RUS"]
[SourceTitle "CBM 189"]
[Source "ChessBase"]
[SourceDate "2019.04.29"]
[SourceVersion "1"]
[SourceVersionDate "2019.04.29"]
[SourceQuality "1"]

1. Nf3 Nf6 2. c4 e6 3. b3 d5 4. Bb2 c5 5. e3 Nc6 6. cxd5 exd5 7. Bb5 Bd6 8. d4
cxd4 9. Nxd4 O-O 10. O-O Bc7 11. Nc3 Qd6 12. g3 Ba5 13. Be2 Bh3 14. Re1 Rac8
15. Rc1 Rfd8 16. Nxc6 bxc6 17. Qd4 c5 18. Qh4 Qe6 19. Red1 d4 20. Bc4 Qf5 21.
Nd5 Rxd5 22. Bxd5 Nxd5 23. e4 Qd7 24. exd5 Bg4 25. Qg5 h6 26. Qf4 Bxd1 27. Rxd1
Qxd5 28. Bc1 Re8 29. h4 Re2 30. Qg4 Qe6 31. Qxe6 fxe6 32. a3 e5 33. Kf1 Rc2 34.
Kg2 Kf7 35. b4 Bb6 36. bxc5 Bxc5 37. Kf3 Ke6 38. Bd2 Kd5 39. h5 Bxa3 40. Kg4
Bb2 0-1

[Event "Moscow Aeroflot op-A 18th"]
[Site "Moscow"]
[Date "2019.02.26"]
[Round "8"]
[White "Hakobyan, Aram"]
[Black "Zvjaginsev, Vadim"]
[Result "1-0"]
[WhiteElo "2545"]
[BlackElo "2642"]
[PlyCount "67"]
[EventDate "2019.02.20"]
[EventType "swiss"]
[EventRounds "9"]
[EventCountry "RUS"]
[SourceTitle "CBM 189"]
[Source "ChessBase"]
[SourceDate "2019.04.29"]
[SourceVersion "1"]
[SourceVersionDate "2019.04.29"]
[SourceQuality "1"]

1. e4 c5 2. Nf3 d6 3. Bb5+ Bd7 4. Bxd7+ Qxd7 5. c4 e5 6. Nc3 g6 7. O-O Bg7 8.
a3 Ne7 9. b4 O-O 10. d3 f5 11. bxc5 dxc5 12. Nd5 Nbc6 13. a4 b6 14. Bd2 fxe4
15. dxe4 Nd4 16. Nxd4 exd4 17. Qb3 Nxd5 18. cxd5 Rfe8 19. Rfe1 a6 20. Rac1 Rac8
21. Qxb6 c4 22. Qxa6 c3 23. Bf4 Qf7 24. Bg3 Bh6 25. f4 Bxf4 26. Bxf4 Qxf4 27.
d6 Rf8 28. d7 Qf2+ 29. Kh1 Rcd8 30. Rf1 Qe3 31. Rce1 Rxf1+ 32. Rxf1 Qxe4 33.
Qf6 Qa8 34. Qe6+ 1-0

[Event "Moscow Aeroflot op-A 18th"]
[Site "Moscow"]
[Date "2019.02.26"]
[Round "8"]
[White "Idani, Pouya"]
[Black "Sychev, Klementy"]
[Result "1/2-1/2"]
[WhiteElo "2604"]
[BlackElo "2545"]
[PlyCount "80"]
[EventDate "2019.02.20"]
[EventType "swiss"]
[EventRounds "9"]
[EventCountry "RUS"]
[SourceTitle "CBM 189"]
[Source "ChessBase"]
[SourceDate "2019.04.29"]
[SourceVersion "1"]
[SourceVersionDate "2019.04.29"]
[SourceQuality "1"]

1. e4 e5 2. Nf3 Nc6 3. d4 exd4 4. Nxd4 Nf6 5. Nxc6 bxc6 6. e5 Qe7 7. Qe2 Nd5 8.
h4 a5 9. g3 Nb6 10. b3 a4 11. Ba3 Qd8 12. Bxf8 Kxf8 13. Nc3 Qe7 14. Qe3 axb3
15. cxb3 Qb4 16. Bg2 Nd5 17. Bxd5 cxd5 18. O-O-O Bb7 19. Kb1 Qa5 20. Rd4 c5 21.
Ra4 d4 22. Rxa5 dxe3 23. Rxa8+ Bxa8 24. Rh2 exf2 25. Rxf2 Ke7 26. Na4 Rc8 27.
Kb2 Rc7 28. Nb6 Bb7 29. Nc4 Bd5 30. Nd6 Ke6 31. Nxf7 c4 32. Rf4 cxb3 33. axb3
h6 34. h5 Rc8 35. g4 Rb8 36. b4 Ra8 37. Kc3 Rc8+ 38. Kd3 Rc1 39. Kd2 Rc8 40.
Kd3 Rc1 1/2-1/2

[Event "Moscow Aeroflot op-A 18th"]
[Site "Moscow"]
[Date "2019.02.26"]
[Round "8"]
[White "Inarkiev, Ernesto"]
[Black "Lupulescu, Constantin"]
[Result "1/2-1/2"]
[WhiteElo "2692"]
[BlackElo "2610"]
[PlyCount "78"]
[EventDate "2019.02.20"]
[EventType "swiss"]
[EventRounds "9"]
[EventCountry "RUS"]
[SourceTitle "CBM 189"]
[Source "ChessBase"]
[SourceDate "2019.04.29"]
[SourceVersion "1"]
[SourceVersionDate "2019.04.29"]
[SourceQuality "1"]

1. e4 e6 2. d4 d5 3. Nc3 Nf6 4. e5 Nfd7 5. f4 c5 6. Nf3 Be7 7. Be3 O-O 8. Qd2
a6 9. Nd1 cxd4 10. Nxd4 Nc6 11. c3 Nc5 12. Nf2 Bd7 13. Be2 Nxd4 14. Bxd4 Bb5
15. Bxb5 axb5 16. O-O Ra6 17. Qe3 Qc7 18. Ng4 Rfa8 19. f5 exf5 20. Rxf5 Rxa2
21. Raf1 Ra1 22. Rxf7 Ne6 23. Qg3 Qc4 24. Ne3 Rxf1+ 25. Rxf1 Nxd4 26. Qf2 Ne2+
27. Kh1 Qf4 28. Qxe2 Qxe5 29. Qd3 Bd6 30. Ng4 Qe4 31. Qxb5 Rf8 32. Kg1 h5 33.
Rxf8+ Bxf8 34. Nf2 Qb1+ 35. Qf1 Qxb2 36. Qd1 d4 37. Qxd4 Qb1+ 38. Nd1 Qb5 39.
Ne3 Qc5 1/2-1/2

[Event "Moscow Aeroflot op-A 18th"]
[Site "Moscow"]
[Date "2019.02.26"]
[Round "8"]
[White "Iniyan, Panneerseluam"]
[Black "Donchenko, Alexander"]
[Result "1/2-1/2"]
[WhiteElo "2480"]
[BlackElo "2600"]
[PlyCount "221"]
[EventDate "2019.02.20"]
[EventType "swiss"]
[EventRounds "9"]
[EventCountry "RUS"]
[SourceTitle "CBM 189"]
[Source "ChessBase"]
[SourceDate "2019.04.29"]
[SourceVersion "1"]
[SourceVersionDate "2019.04.29"]
[SourceQuality "1"]

1. d4 e6 2. c4 c5 3. d5 exd5 4. cxd5 g6 5. Nc3 d6 6. e4 Bg7 7. Bd3 Nf6 8. h3
O-O 9. Nf3 b5 10. Nxb5 Re8 11. O-O Nxe4 12. Re1 a6 13. Na3 Nf6 14. Rxe8+ Nxe8
15. Bg5 Nf6 16. Qa4 Bb7 17. Re1 Nbd7 18. Nc4 Bxd5 19. Nxd6 Qb6 20. Nc4 Qb4 21.
Qa5 Qb5 22. Qc3 h6 23. Bxf6 Bxf6 24. Nce5 Nxe5 25. Nxe5 c4 26. Bf1 Re8 27. f4
Rb8 28. Re2 Be6 29. Kh2 Qa4 30. Qg3 Bf5 31. Nxc4 Qxa2 32. Ne3 Qa5 33. Nxf5 Qxf5
34. b3 Kg7 35. Rd2 a5 36. Bc4 a4 37. Rd5 Qc8 38. Qd3 a3 39. Rd7 Rb7 40. Rxb7
Qxb7 41. b4 Qxb4 42. Qd5 Qe7 43. g4 Bb2 44. Kg2 Qf6 45. f5 Bd4 46. Kf3 Bb6 47.
Ke2 g5 48. Kd3 Qe7 49. Kc2 Bc7 50. Qd4+ Be5 51. Qd5 Qf6 52. Kd3 Ba1 53. Bb3
Qc3+ 54. Ke2 Qc7 55. Kd1 Bb2 56. Bc4 Be5 57. Bb3 Qe7 58. Bc4 Qf6 59. Kc2 h5 60.
Bb3 h4 61. Bc4 Qe7 62. Kd3 Qc7 63. Ke2 Kf6 64. Kd3 Ba1 65. Bb3 Qg3+ 66. Ke2
Qh2+ 67. Kd1 Qc7 68. Bc4 Kg7 69. Bb3 Bb2 70. Bc4 Kf8 71. Qa8+ Ke7 72. Qd5 Kf6
73. Bb3 Be5 74. Bc4 Kg7 75. Bb3 Bf4 76. Qd4+ Kf8 77. Qd5 Qc1+ 78. Ke2 Qb2+ 79.
Kd1 Qf6 80. Qa8+ Kg7 81. Qd5 Bd6 82. Ke2 Bb4 83. Bc4 Qb2+ 84. Kf3 Qc3+ 85. Ke2
Qe1+ 86. Kf3 Qe7 87. Qe4 Qf6 88. Qd5 Qe7 89. Qe4 Qc7 90. Qd5 Bc5 91. Ke2 Kf8
92. Kd1 Qe7 93. Bb3 Bb4 94. Bc4 Kg7 95. Qd4+ Kg8 96. Qd5 Kf8 97. Qa8+ Kg7 98.
Qd5 Kh6 99. Qd4 f6 100. Kc2 Ba5 101. Be6 Bc7 102. Kb3 Bd6 103. Qb6 Be5 104. Qb4
Bd6 105. Qb6 Kg7 106. Qc6 Bc5 107. Qc8 Qf8 108. Qxf8+ Kxf8 109. Kc3 Ke7 110.
Kd3 Kd6 111. Ke4 1/2-1/2

[Event "Moscow Aeroflot op-A 18th"]
[Site "Moscow"]
[Date "2019.02.26"]
[Round "8"]
[White "Iturrizaga Bonelli, Eduardo"]
[Black "Karthik, Venkataraman"]
[Result "1-0"]
[WhiteElo "2640"]
[BlackElo "2494"]
[PlyCount "93"]
[EventDate "2019.02.20"]
[EventType "swiss"]
[EventRounds "9"]
[EventCountry "RUS"]
[SourceTitle "CBM 189"]
[Source "ChessBase"]
[SourceDate "2019.04.29"]
[SourceVersion "1"]
[SourceVersionDate "2019.04.29"]
[SourceQuality "1"]

1. c4 c5 2. g3 g6 3. Bg2 Bg7 4. Nc3 Nc6 5. Nf3 e6 6. d4 cxd4 7. Nb5 d5 8. cxd5
exd5 9. Nfxd4 Nge7 10. O-O O-O 11. Be3 Nf5 12. Nxf5 Bxf5 13. Qxd5 Qxd5 14. Bxd5
Bxb2 15. Rad1 Be5 16. Bc5 Rfe8 17. f4 a6 18. e4 axb5 19. exf5 Bf6 20. fxg6 hxg6
21. g4 Ra4 22. Kh1 Rd8 23. Bb6 Rd7 24. g5 Bd4 25. Bb3 Ra6 26. Bc5 Rd8 27. Bxd4
Nxd4 28. f5 gxf5 29. Rxf5 Nxf5 30. Rxd8+ Kg7 31. Rd5 Nd6 32. Kg2 f6 33. h4 fxg5
34. hxg5 Rc6 35. Kf3 Kg6 36. Kf4 Kg7 37. Kg4 b4 38. Kh5 Kh7 39. Rd4 Rb6 40. Rf4
Kg7 41. Rf6 Ra6 42. Bd5 Rb6 43. Re6 Kf8 44. Kg6 Nc8 45. Rxb6 Nxb6 46. Be6 Ke7
47. Kf5 1-0

[Event "Moscow Aeroflot op-A 18th"]
[Site "Moscow"]
[Date "2019.02.26"]
[Round "8"]
[White "Khismatullin, Denis Rimovich"]
[Black "Fier, Alexandr"]
[Result "1-0"]
[WhiteElo "2621"]
[BlackElo "2561"]
[PlyCount "65"]
[EventDate "2019.02.20"]
[EventType "swiss"]
[EventRounds "9"]
[EventCountry "RUS"]
[SourceTitle "CBM 189"]
[Source "ChessBase"]
[SourceDate "2019.04.29"]
[SourceVersion "1"]
[SourceVersionDate "2019.04.29"]
[SourceQuality "1"]

1. c4 c5 2. Nf3 Nc6 3. Nc3 e5 4. e3 Nf6 5. d4 e4 6. d5 exf3 7. dxc6 bxc6 8. e4
Qc7 9. Qxf3 Bd6 10. g3 Be5 11. Bg2 O-O 12. O-O Ba6 13. Qd3 Rab8 14. Rb1 Rb4 15.
b3 Bxc4 16. bxc4 Bxc3 17. Bf4 Be5 18. Bxe5 Qxe5 19. f4 Qe6 20. e5 Ne8 21. Rbd1
Rb7 22. Qc3 f5 23. Rb1 Rc7 24. Rb8 d6 25. Qa5 Qf7 26. Re1 Re7 27. Bxc6 Qxc4 28.
Qd2 Nc7 29. Rc1 Qa6 30. Bb7 Qa3 31. Rxf8+ Kxf8 32. exd6 Rd7 33. dxc7 1-0

[Event "Moscow Aeroflot op-A 18th"]
[Site "Moscow"]
[Date "2019.02.26"]
[Round "8"]
[White "Korobov, Anton"]
[Black "Deac, Bogdan Daniel"]
[Result "1/2-1/2"]
[WhiteElo "2687"]
[BlackElo "2603"]
[PlyCount "64"]
[EventDate "2019.02.20"]
[EventType "swiss"]
[EventRounds "9"]
[EventCountry "RUS"]
[SourceTitle "CBM 189"]
[Source "ChessBase"]
[SourceDate "2019.04.29"]
[SourceVersion "1"]
[SourceVersionDate "2019.04.29"]
[SourceQuality "1"]

1. d4 Nf6 2. c4 g6 3. Nc3 d5 4. cxd5 Nxd5 5. e4 Nxc3 6. bxc3 Bg7 7. Bc4 c5 8.
Ne2 Nc6 9. Be3 O-O 10. O-O Bg4 11. f3 Na5 12. Bd3 cxd4 13. cxd4 Be6 14. d5 Bxa1
15. Qxa1 f6 16. h4 Rc8 17. Bxa7 Nc6 18. dxc6 Qxd3 19. cxb7 Qxe2 20. bxc8=Q Rxc8
21. a4 Qd2 22. Rd1 Qa5 23. Be3 Kf7 24. e5 fxe5 25. Bg5 Rc4 26. Re1 Rxa4 27.
Qxe5 Qxe5 28. Rxe5 h6 29. Bxh6 Rxh4 30. Bg5 Rd4 31. Kf2 Rd5 32. Rxd5 Bxd5
1/2-1/2

[Event "Moscow Aeroflot op-A 18th"]
[Site "Moscow"]
[Date "2019.02.26"]
[Round "8"]
[White "Lalith, Babu MR"]
[Black "Kevlishvili, Robby"]
[Result "1-0"]
[WhiteElo "2556"]
[BlackElo "2463"]
[PlyCount "95"]
[EventDate "2019.02.20"]
[EventType "swiss"]
[EventRounds "9"]
[EventCountry "RUS"]
[SourceTitle "CBM 189"]
[Source "ChessBase"]
[SourceDate "2019.04.29"]
[SourceVersion "1"]
[SourceVersionDate "2019.04.29"]
[SourceQuality "1"]

1. c4 e5 2. Nc3 Nf6 3. Nf3 Nc6 4. g3 g6 5. d4 exd4 6. Nxd4 Bg7 7. Nxc6 bxc6 8.
Bg2 O-O 9. O-O Bb7 10. Be3 Re8 11. Bd4 d6 12. Qa4 Nd7 13. Bxg7 Kxg7 14. Rfd1
Qb8 15. Qb3 Nc5 16. Qc2 a5 17. Rd4 Ra6 18. Qd2 Qd8 19. Ne4 Nxe4 20. Bxe4 Qe7
21. Bf3 Rb6 22. Re4 Qd8 23. Rxe8 Qxe8 24. Qxa5 Rxb2 25. Qxc7 Qe5 26. Rd1 Ba6
27. Rxd6 Rb1+ 28. Kg2 Qa1 29. Rxc6 Bb7 30. Bd5 Bxc6 31. Qxf7+ Kh6 32. Bxc6 Rg1+
33. Kf3 Qxa2 34. Qf4+ Kg7 35. Qd4+ Kh6 36. Qe3+ Kg7 37. Bd5 Qb2 38. Qe7+ Kh6
39. Qh4+ Kg7 40. Qe7+ Kh6 41. Bg8 Qh8 42. Bd5 Qc8 43. Be6 Qa8+ 44. e4 Re1 45.
Bd5 Qc8 46. c5 Qh3 47. Be6 Qh5+ 48. Bg4 1-0

[Event "Moscow Aeroflot op-A 18th"]
[Site "Moscow"]
[Date "2019.02.26"]
[Round "8"]
[White "Lobanov, Sergei"]
[Black "Esipenko, Andrey"]
[Result "1/2-1/2"]
[WhiteElo "2526"]
[BlackElo "2603"]
[PlyCount "81"]
[EventDate "2019.02.20"]
[EventType "swiss"]
[EventRounds "9"]
[EventCountry "RUS"]
[SourceTitle "CBM 189"]
[Source "ChessBase"]
[SourceDate "2019.04.29"]
[SourceVersion "1"]
[SourceVersionDate "2019.04.29"]
[SourceQuality "1"]

1. e4 e5 2. Nf3 Nc6 3. Bb5 a6 4. Ba4 Nf6 5. O-O Be7 6. Re1 b5 7. Bb3 O-O 8. c3
d5 9. exd5 Nxd5 10. Nxe5 Nxe5 11. Rxe5 c6 12. d4 Bd6 13. Re1 Qh4 14. g3 Qh3 15.
Re4 g5 16. Qf1 Qh5 17. Bd1 Qg6 18. Nd2 Bf5 19. Re1 Rae8 20. Nf3 f6 21. Bd2 Bd3
22. Qg2 Re4 23. a4 Rfe8 24. axb5 axb5 25. Bb3 Qf5 26. Re3 Rxe3 27. fxe3 Be4 28.
Rf1 Qe6 29. Qf2 Kg7 30. Bc1 Bg6 31. Re1 h6 32. e4 Bxe4 33. Nd2 f5 34. Nxe4 fxe4
35. Bc2 Nf6 36. Qe2 Qd5 37. Kg2 Re7 38. Be3 Ra7 39. Rf1 Ra2 40. Bb1 Ra8 41. Rd1
1/2-1/2

[Event "Moscow Aeroflot op-A 18th"]
[Site "Moscow"]
[Date "2019.02.26"]
[Round "8"]
[White "Murzin, Volodar"]
[Black "Tsydypov, Zhamsaran"]
[Result "0-1"]
[WhiteElo "2337"]
[BlackElo "2547"]
[PlyCount "64"]
[EventDate "2019.02.20"]
[EventType "swiss"]
[EventRounds "9"]
[EventCountry "RUS"]
[SourceTitle "CBM 189"]
[Source "ChessBase"]
[SourceDate "2019.04.29"]
[SourceVersion "1"]
[SourceVersionDate "2019.04.29"]
[SourceQuality "1"]

1. e4 c5 2. Nf3 d6 3. Bb5+ Nd7 4. O-O a6 5. Bd3 Ngf6 6. c3 b5 7. Bc2 Bb7 8. Qe2
g6 9. d4 Bg7 10. Re1 O-O 11. Nbd2 e5 12. d5 Nb6 13. b3 Nbxd5 14. exd5 Nxd5 15.
Bb2 Nf4 16. Qd1 f5 17. c4 g5 18. g3 Nh3+ 19. Kf1 g4 20. Ng1 Ng5 21. Qe2 Qd7 22.
h4 gxh3 23. f3 Qf7 24. Qh2 Qh5 25. Bd1 Qh6 26. Be2 b4 27. Rad1 Rae8 28. Bc1 Qh5
29. Nb1 f4 30. g4 Qh4 31. Nxh3 e4 32. fxe4 Bxe4 0-1

[Event "Moscow Aeroflot op-A 18th"]
[Site "Moscow"]
[Date "2019.02.26"]
[Round "8"]
[White "Narayanan, Srinath"]
[Black "Gavrilescu, David"]
[Result "0-1"]
[WhiteElo "2572"]
[BlackElo "2479"]
[PlyCount "52"]
[EventDate "2019.02.20"]
[EventType "swiss"]
[EventRounds "9"]
[EventCountry "RUS"]
[SourceTitle "CBM 189"]
[Source "ChessBase"]
[SourceDate "2019.04.29"]
[SourceVersion "1"]
[SourceVersionDate "2019.04.29"]
[SourceQuality "1"]

1. e4 e6 2. d4 d5 3. Nc3 Nf6 4. e5 Nfd7 5. Nce2 c5 6. c3 Nc6 7. Nf3 a5 8. Nf4
cxd4 9. cxd4 Bb4+ 10. Bd2 g5 11. Bxb4 axb4 12. Ne2 g4 13. Nfg1 f6 14. Nf4 b3
15. Qxg4 Nxd4 16. Nxe6 Qa5+ 17. Kd1 Nc2 18. Nf3 Nxe5 19. Qg7 Bxe6 20. Qxf6 Nxf3
21. Qxe6+ Kd8 22. gxf3 Kc7 23. Rg1 Rae8 24. Rg7+ Kb8 25. Re7 Qd8 26. Qe5+ Ka8
0-1

[Event "Moscow Aeroflot op-A 18th"]
[Site "Moscow"]
[Date "2019.02.26"]
[Round "8"]
[White "Paravyan, David"]
[Black "Afanasiev, Nikita"]
[Result "1-0"]
[WhiteElo "2627"]
[BlackElo "2508"]
[PlyCount "67"]
[EventDate "2019.02.20"]
[EventType "swiss"]
[EventRounds "9"]
[EventCountry "RUS"]
[SourceTitle "CBM 189"]
[Source "ChessBase"]
[SourceDate "2019.04.29"]
[SourceVersion "1"]
[SourceVersionDate "2019.04.29"]
[SourceQuality "1"]

1. e4 e5 2. Nf3 Nc6 3. Bb5 a6 4. Ba4 d6 5. O-O Bd7 6. c3 Nge7 7. d4 Ng6 8. Be3
Be7 9. Nbd2 O-O 10. Rc1 Re8 11. d5 Nb8 12. c4 c6 13. b4 b5 14. Bc2 cxd5 15.
exd5 a5 16. c5 Na6 17. c6 Bc8 18. a4 Nc7 19. Bb6 axb4 20. axb5 Rb8 21. Nc4 Bg4
22. Qd3 Rxb6 23. Nxb6 Qb8 24. Nc4 Qxb5 25. Ne3 Qxd3 26. Bxd3 Nf4 27. Bc4 e4 28.
Nd4 Bf6 29. Nb5 Nxb5 30. Bxb5 Ne2+ 31. Bxe2 Bxe2 32. c7 Bc3 33. Nf5 Bxf1 34.
Kxf1 1-0

[Event "Moscow Aeroflot op-A 18th"]
[Site "Moscow"]
[Date "2019.02.26"]
[Round "8"]
[White "Petrosyan, Manuel"]
[Black "Jumabayev, Rinat"]
[Result "1-0"]
[WhiteElo "2564"]
[BlackElo "2604"]
[PlyCount "57"]
[EventDate "2019.02.20"]
[EventType "swiss"]
[EventRounds "9"]
[EventCountry "RUS"]
[SourceTitle "CBM 189"]
[Source "ChessBase"]
[SourceDate "2019.04.29"]
[SourceVersion "1"]
[SourceVersionDate "2019.04.29"]
[SourceQuality "1"]

1. d4 g6 2. e4 Bg7 3. c4 d6 4. Nc3 Nf6 5. Be2 O-O 6. Be3 c5 7. dxc5 Qa5 8. Bd2
Qxc5 9. Nf3 Nc6 10. O-O Bg4 11. b3 Rfc8 12. Rc1 Qa5 13. h3 Bd7 14. Re1 Rab8 15.
Bf1 Qd8 16. Nd5 Nh5 17. Bg5 h6 18. Be3 Qf8 19. Qd2 Kh7 20. c5 Nf6 21. Nxf6+
Bxf6 22. cxd6 exd6 23. Bf4 Be7 24. e5 dxe5 25. Qxd7 Ba3 26. Rxc6 Rxc6 27. Nxe5
Rf6 28. Bg3 Bc5 29. Ng4 1-0